| 000 | 00463nam a2200157Ia 4500 | ||
|---|---|---|---|
| 008 | 220214s9999 xx 000 0 und d | ||
| 022 | _a0016-6685 | ||
| 245 | 0 | _aGENETICA AGRARIA | |
| 246 | _aJournal of Genetics and Breeding | ||
| 260 |
_bInstituto sperimentane per la cerealicoltura, Rome _aItaly |
||
| 310 | _aQ | ||
| 500 | _aEnding Volume & Year: 41, 1987 | ||
| 500 | _aMissing Volume: 41(2,3) | ||
| 500 | _aStarting Volume & Year: 29, 1975 | ||
| 942 | _cBJ | ||
| 999 |
_c13766 _d13766 |
||